| 000 | 00910nam a2200265 i 4500 | ||
|---|---|---|---|
| 001 | 105688 | ||
| 003 | ES-MaACL | ||
| 005 | 20250715193810.0 | ||
| 007 | t| | ||
| 008 | 060807s1949 ag ||||1| spa d | ||
| 080 | _a1 Sartre, Jean-Paul | ||
| 080 | _a141.32 | ||
| 100 | 1 |
_aFatone, Vicente. _948931 |
|
| 245 | 1 | 3 |
_aEl existencialismo y la libertad creadora _b: una crítica al existencialismo de Jean-Paul Sartre / _cVicente Fatone. |
| 250 |
_a2ª ed. _brevisada por el autor. |
||
| 260 |
_aBuenos Aires : _bArgos, _c[1949] |
||
| 300 |
_a188 p. ; _c21 cm. |
||
| 490 | 1 | _aBiblioteca Argos. Los pensadores | |
| 500 | _aBiblioteca Juan Andrade. | ||
| 600 | 1 | 4 |
_aSartre, Jean-Paul, _d1905-1980- _vCrítica e interpretación _9103900 |
| 650 | 1 | 4 |
_aExistencialismo. _912679 |
| 830 | 0 |
_aBiblioteca Argos. Los pensadores _9232761 |
|
| 852 |
_aES-MaACL _jAND-501 _bR.109814 |
||
| 999 |
_c105688 _d105688 |
||